AC Milan Squad 1989-1990 - Statistics

General Stats
  • This quiz has been taken 18 times
  • The average score is 14 of 26
Answer Stats
Position Nation Player % Correct
DF Italy Franco Baresi
100%
MF Netherlands Frank Rijkaard
100%
FW Netherlands Marco van Basten
100%
DF Italy Paolo Maldini
100%
MF Netherlands Ruud Gullit
100%
DF Italy Alessandro Costacurta
88%
MF Italy Roberto Donadoni
81%
MF Italy Alberico Evani
75%
MF Italy Carlo Ancelotti
75%
FW Italy Daniele Massaro
75%
MF Italy Demetrio Albertini
75%
DF Italy Filippo Galli
75%
GK Italy Giovanni Galli
75%
DF Italy Mauro Tassotti
75%
Coach Italy Arrigo Sacchi
69%
FW Italy Marco Simone
44%
MF Italy Angelo Colombo
31%
GK Italy Andrea Pazzagli
19%
GK Italy Francesco Antonioli
13%
MF Italy Diego Fuser
6%
MF Italy Giovanni Stroppa
6%
FW Italy Stefano Borgonovo
6%
DF Italy Stefano Carobbi
6%
MF Italy Stefano Salvatori
6%
MF Italy Christian Lantignotti
0%
DF Italy Rufo Emiliano Verga
0%
No matching quizzes found
Score Distribution
Percent of People with Each Score
Percentile by Number Answered
Your Score History
You have not taken this quiz